Economic development : an observation from an Islamic perspectives /
Saved in:
| Main Author: | |
|---|---|
| Format: | Thesis |
| Language: | English |
| Published: |
Nasville, Tennesse :
Vanderbilt University Press,
1985
|
| Subjects: | |
| Tags: |
Add Tag
No Tags, Be the first to tag this record!
|
| LEADER | 011110000a22003250004500 | ||
|---|---|---|---|
| 001 | 62088 | ||
| 005 | 20080909115300.0 | ||
| 008 | 930128s1985 tnu g m 000 0 eng d | ||
| 035 | |a 232727 | ||
| 035 | |a (Sirsi) 62088 | ||
| 040 | |a UIAM |b eng | ||
| 049 | |b m | ||
| 050 | |a HD75.3 | ||
| 100 | 0 | |a Aidit Ghazali, |e author | |
| 245 | 1 | 0 | |a Economic development : |b an observation from an Islamic perspectives / |c by Aidit bin Ghazali |
| 264 | 1 | |a Nasville, Tennesse : |b Vanderbilt University Press, |c 1985 | |
| 300 | |a 149 pages ; |c 30 cm. | ||
| 336 | |2 rdacontent |a text | ||
| 337 | |2 rdamedia |a unmediated | ||
| 338 | |2 rdacarrier |a volume | ||
| 502 | |a Thesis (M.A)--Graduate School of Vanderbilt University, Nasville, Tennesse. | ||
| 533 | |a Photocopy | ||
| 596 | |a 1 | ||
| 650 | 0 | |a Economic development |x Islamic perspectives | |
| 650 | 0 | |a Economics, Islamic | |
| 655 | 0 | 7 | |a Theses, non-IIUM |
| 710 | 2 | |a Vanderbilt University | |
| 900 | |a non-imj | ||
| 999 | |c 430064 |d 461555 | ||
| 952 | |0 0 |6 T HD 000075.3 A288E |7 0 |8 THESES |9 749140 |a IIUM |b IIUM |c MULTIMEDIA |g 0.00 |o t HD75.3 A288E |p 00000104081 |r 2017-10-19 |t 1 |v 0.00 |y THESIS | ||
